Лекарственные растения и их применение / : (Record no. 383410)
[ view plain ]
| 000 -LEADER | |
|---|---|
| fixed length control field | 00942nam a2200241 a 4500 |
| 001 - CONTROL NUMBER | |
| control field | 000599435 |
| 003 - CONTROL NUMBER IDENTIFIER | |
| control field | AM-YeHGA |
| 005 - DATE AND TIME OF LATEST TRANSACTION | |
| control field | 20250617153047.0 |
| 008 - FIXED-LENGTH DATA ELEMENTS--GENERAL INFORMATION | |
| fixed length control field | 080916s1978 ||||||||r|||||000|0|rus|d |
| 040 ## - CATALOGING SOURCE | |
| Original cataloging agency | AM-YeHGA |
| 041 0# - LANGUAGE CODE | |
| Language code of text/sound track or separate title | rus |
| 090 ## - LOCALLY ASSIGNED LC-TYPE CALL NUMBER (OCLC); LOCAL CALL NUMBER (RLIN) | |
| -- | 385373 |
| 100 1# - MAIN ENTRY--PERSONAL NAME | |
| Personal name | Середин, Разумник Михайлович |
| 245 10 - TITLE STATEMENT | |
| Title | Лекарственные растения и их применение / : |
| Remainder of title | Р.М. Середин, С.Д. Соколов. |
| 250 ## - EDITION STATEMENT | |
| Edition statement | 4-е изд., перераб. и доп. |
| 260 ## - PUBLICATION, DISTRIBUTION, ETC. | |
| Place of publication, distribution, etc. | Ставрополь : |
| Name of publisher, distributor, etc. | Книжное изд-во, |
| Date of publication, distribution, etc. | 1978. |
| 300 ## - PHYSICAL DESCRIPTION | |
| Extent | 288 с. : |
| Other physical details | ил. ; |
| Dimensions | 22 см. |
| 500 ## - GENERAL NOTE | |
| General note | Указ.: с. 260-274 |
| 504 ## - BIBLIOGRAPHY, ETC. NOTE | |
| Bibliography, etc. note | Список лит.: с. 286 |
| 650 14 - SUBJECT ADDED ENTRY--TOPICAL TERM | |
| Topical term or geographic name entry element | Лекарственные растения |
| Form subdivision | Терапевтическое применение |
| 650 14 - SUBJECT ADDED ENTRY--TOPICAL TERM | |
| Topical term or geographic name entry element | Фитотерапия |
| 700 1# - ADDED ENTRY--PERSONAL NAME | |
| Personal name | Соколов, Серафим Дмитриевич |
| Withdrawn status | Lost status | Source of classification or shelving scheme | Damaged status | Not for loan | Collection | Home library | Current library | Date acquired | Total checkouts | Full call number | Barcode | Date last seen | Price effective from | Koha item type | Public note |
|---|---|---|---|---|---|---|---|---|---|---|---|---|---|---|---|
| Universal Decimal Classification | General | Fundamental Scientific Library | Fundamental Scientific Library | 30/05/2017 | PII/431617 | FL0447891 | 30/05/2017 | 30/05/2017 | Գրքեր / Books | 30 Days Loan |
ՀՀ Գիտությունների ազգային ակադեմիայի հիմնարար գիտական գրադարան = Fundamental Scientific Library of NAS RA
All site content, except where otherwise noted, is licensed under a